|
|
|
|
| LEADER |
00000nab a2200000ua 4500 |
| 001 |
vtls010848965 |
| 003 |
SK-MaSNL |
| 005 |
20260303204942.0 |
| 008 |
230121s2006 xo |||||||||||||||||slo| |
| 035 |
|
|
|a (urnnbn)urn:nbn:sk:snk:ar-a078zn
|
| 035 |
|
|
|a urn:nbn:sk:snk-ab69rv
|
| 035 |
|
|
|a (uuid)bf509867-16ad-44e2-9509-5b375b73dd53
|
| 040 |
|
|
|a SNKBUCL
|b slo
|c SNKBUCL
|e AACR2
|
| 041 |
0 |
|
|a slo
|
| 044 |
|
|
|a xo
|c SK
|
| 100 |
1 |
|
|a Macková, Zuzana,
|d 1966-
|4 aut
|9 237481
|
| 245 |
1 |
0 |
|a ZMENA VÝŠKY SÚM DÁVOK V HMOTNEJ NÚDZI OD 1. SEPTEMBRA 2006 S PRÍKLADMI
|c Zuzana Macková
|
| 773 |
0 |
|
|t Manažment, mzdy a financie : časopis pre ekonómov, podnikateľov, podniky a organizácie
|g Roč. 13, č. 18-19 (2006), s. 417-431
|
| 954 |
|
|
|a odborná, vedecká literatúra pôvodná (slovenská)
|2 lita
|
| 958 |
|
|
|a OND
|
| 958 |
|
|
|a EUIPO
|
| 958 |
|
|
|a article5
|
| 999 |
|
|
|c 2192829
|d 2194759
|